[Event "Mistrzostwa Polski Juniorow do lat 16 - Chlopcy"]
[Site "Ustron – Jaszowiec"]
[Date "1899-12-30"]
[Round "7.3"]
[White "Pacan-milej, Kosma"]
[Black "Pultorak, Jan"]
[Result "1-0"]
[WhiteTitle "FM"]
[BlackTitle "FM"]
[WhiteElo "2303"]
[BlackElo "2302"]

1. d4 Nf6 2. c4 g6 3. f3 d5 4. cxd5 Nxd5 5. e4 Nb6 6. Nc3 Bg7 7. Be3 O-O 8. Qd2
e5 9. d5 c6 10. h4 cxd5 11. exd5 N8d7 12. h5 Nf6 13. hxg6 fxg6 14. O-O-O Bd7 15.
Kb1 Rc8 16. Nh3 Bf5+ 17. Ka1 e4 18. d6 exf3 19. gxf3 Nc4 20. Bxc4+ Rxc4 21. Bh6
Qd7 22. Bxg7 Qxg7 23. Ng5 h6 24. Nge4 h5 25. Nxf6+ Qxf6 26. d7 Rd8 27. Nd5 Qf8
28. Qg5 Rc5 29. Rxh5 Rxd7 30. Rdh1 Qg7 31. Nf6+ Kf7 32. Rh7 1-0

[Event "Mistrzostwa Polski Juniorow do lat 16 - Chlopcy"]
[Site "Ustron – Jaszowiec"]
[Date "1899-12-30"]
[Round "7.4"]
[White "Lukasiewicz, Krzysztof"]
[Black "Chylewski, Patryk"]
[Result "0-1"]
[WhiteTitle "k"]
[BlackTitle "k++"]
[WhiteElo "2123"]
[BlackElo "2293"]

1. e4 c5 2. Nf3 e6 3. d4 cxd4 4. Nxd4 a6 5. Nc3 Qc7 6. g3 Nc6 7. Bg2 d6 8. O-O
Bd7 9. Nb3 Be7 10. f4 Nf6 11. Qe2 h5 12. Kh1 Na5 13. Nxa5 Qxa5 14. Bd2 Qc7 15.
Rad1 Rc8 16. Rfe1 b5 17. a3 Qc4 18. Qf3 Qc7 19. Qe2 Bc6 20. Be3 Bb7 21. h3 Qc4
22. Qf3 d5 23. Rd4 Qc7 24. exd5 Nxd5 25. Nxd5 Bxd5 26. Rxd5 exd5 27. Bd4 Kf8 28.
Qxd5 Rd8 29. Qe4 Bf6 30. Bxf6 gxf6 31. Qf5 Kg7 32. Be4 Rd2 33. Bd3 Qc8 34. Re7
Qxf5 35. Bxf5 Rhd8 36. Ra7 Re8 0-1

[Event "Mistrzostwa Polski Juniorow do lat 16 - Chlopcy"]
[Site "Ustron – Jaszowiec"]
[Date "1899-12-30"]
[Round "7.5"]
[White "Hrymowicz, Artur"]
[Black "Raczynski, Krzysztof"]
[Result "1-0"]
[WhiteTitle "I+"]
[BlackTitle "k"]
[WhiteElo "1982"]
[BlackElo "2116"]

1. e4 c5 2. Nf3 d6 3. d4 cxd4 4. Nxd4 Nf6 5. Nc3 a6 6. Be3 e6 7. Be2 Be7 8. O-O
O-O 9. f4 Qc7 10. Bf3 Nc6 11. a4 Nxd4 12. Qxd4 e5 13. Qd2 Bd7 14. a5 Rac8 15.
Rfd1 Bc6 16. Bb6 Qd7 17. Rac1 Bd8 18. Qxd6 Qxd6 19. Rxd6 exf4 20. e5 Bxb6+ 21.
axb6 Ne8 22. Rd4 g5 23. Nd5 Bxd5 24. Bxd5 Ng7 25. Bxb7 Rb8 26. Rd7 Ne6 27. b4
Nd8 28. Bxa6 Rxb6 29. b5 Ne6 30. c4 Nc5 31. Rd6 Rfb8 32. Rxb6 Rxb6 33. Bc8 Nd3
34. Rb1 h5 35. Bf5 Nc5 36. Rd1 Kf8 37. Rd6 Rb8 38. Rc6 Nb3 39. b6 Nd4 40. Rc8+
Rxc8 41. Bxc8 Ke7 42. c5 f3 43. Bb7 fxg2 44. c6 h4 45. Kxg2 1-0

[Event "Mistrzostwa Polski Juniorow do lat 16 - Chlopcy"]
[Site "Ustron – Jaszowiec"]
[Date "1899-12-30"]
[Round "7.6"]
[White "Kozak, Antoni"]
[Black "Woloch, Oskar"]
[Result "0-1"]
[WhiteTitle "k"]
[BlackTitle "k"]
[WhiteElo "2127"]
[BlackElo "2235"]

1. e4 e5 2. Nf3 Nc6 3. Nc3 Nf6 4. Bb5 Bb4 5. O-O O-O 6. d3 Bxc3 7. bxc3 d6 8. Re1
Qe7 9. d4 Nd8 10. Bf1 Bg4 11. Qd3 Bxf3 12. Qxf3 Ne6 13. Qd3 c5 14. dxe5 dxe5 15.
a4 Rfd8 16. Qg3 Qd6 17. f3 c4 18. Be3 Nf4 19. Qf2 Nd7 20. a5 Qa6 21. Reb1 Ne6
22. Qe1 Rdc8 23. Rb4 Qc6 24. Bxc4 Nc7 25. Rd1 b5 26. axb6 Nxb6 27. Bf1 Ne6 28.
c4 Na4 29. Rb5 a6 30. Rbb1 Nac5 31. Qa5 h6 32. Rd5 Na4 33. Rxe5 Rab8 34. Rxb8
Rxb8 35. c5 Rb1 36. Rd5 Nb2 37. Rd6 Qe8 38. Qxa6 Nd1 39. Qe2 Nxe3 40. Qxe3 Qb5
41. Qf2 Nf4 42. h3 Rxf1+ 43. Qxf1 Qxc5+ 44. Kh1 Qxd6 45. Qc4 g6 46. Qf1 Kg7 47.
c4 Qd4 48. c5 Qxc5 49. Qa1+ Kg8 50. Qa8+ Kh7 51. Qb7 Qc4 52. Kh2 Qa2 53. Kg3 0-1

[Event "Mistrzostwa Polski Juniorow do lat 16 - Chlopcy"]
[Site "Ustron – Jaszowiec"]
[Date "1899-12-30"]
[Round "7.7"]
[White "Kowalski, Igor"]
[Black "Fus, Jakub"]
[Result "1-0"]
[WhiteTitle "k+"]
[BlackTitle "I++"]
[WhiteElo "2231"]
[BlackElo "2054"]

1. d4 e6 2. c4 Nf6 3. Nc3 Bb4 4. Qc2 c5 5. dxc5 O-O 6. Nf3 Na6 7. g3 Nxc5 8. Bg2
b6 9. O-O Bb7 10. Nb5 Be4 11. Qd1 Nb7 12. a3 Be7 13. Bf4 Rc8 14. Rc1 a6 15. Nd6
Nxd6 16. Bxd6 Bxd6 17. Qxd6 Qc7 18. Rfd1 Qb7 19. Rc3 Bc6 20. Qd4 Rfd8 21. Rb3
Rb8 22. Ne1 Bxg2 23. Nxg2 d6 24. Ne3 Qc6 25. c5 d5 26. cxb6 Nd7 27. Rdd3 Nxb6
28. Rb4 Nd7 29. Rdb3 Qc7 30. Rc3 Qd6 31. Rxb8 Rxb8 32. Qa7 Rxb2 33. Rc7 Rb1+ 34.
Kg2 Nf8 35. Rxf7 Qe5 36. Qe7 Rb8 37. Rf5 Qe4+ 38. f3 Qxf5 39. Nxf5 exf5 40. Qd6
Re8 41. Qxd5+ Kh8 42. Qf7 Rd8 43. Qxf5 h6 44. a4 Kg8 45. Qa5 Rd6 46. Qc5 Re6 47.
e4 Rf6 48. f4 Re6 49. Qd5 Kh8 50. a5 Rf6 51. e5 Re6 52. f5 Re8 53. Qf7 Rc8 54.
f6 1-0

[Event "Mistrzostwa Polski Juniorow do lat 16 - Chlopcy"]
[Site "Ustron – Jaszowiec"]
[Date "1899-12-30"]
[Round "7.8"]
[White "Kokoszczynski, Jan"]
[Black "Nowak, Mikolaj"]
[Result "1-0"]
[WhiteTitle "k"]
[BlackTitle "I++"]
[WhiteElo "2072"]
[BlackElo "2240"]

1. e4 c6 2. d4 d5 3. Nc3 dxe4 4. Nxe4 Bf5 5. Ng3 Bg6 6. Nh3 Nf6 7. Nf4 e5 8. Nxg6
hxg6 9. dxe5 Qa5+ 10. Bd2 Qxe5+ 11. Qe2 Nbd7 12. Bc3 Qxe2+ 13. Bxe2 Nd5 14. Bd2
f5 15. O-O Bd6 16. Rfe1 O-O-O 17. Bc4 N5f6 18. Bg5 Ne5 19. Bb3 Rde8 20. h3 Rhf8
21. Rad1 Bc7 22. Be3 Ned7 23. Ne2 Re4 24. Nd4 f4 25. Bc1 Nc5 26. Ne6 Rxe1+ 27.
Rxe1 Nxe6 28. Bxe6+ Kb8 29. Bc4 g5 30. Re7 Rd8 31. Bd3 Re8 32. Rxe8+ Nxe8 33.
Kf1 1-0

[Event "Mistrzostwa Polski Juniorow do lat 16 - Chlopcy"]
[Site "Ustron – Jaszowiec"]
[Date "1899-12-30"]
[Round "7.9"]
[White "Psyk, Radoslaw"]
[Black "Wyczling, Bartosz"]
[Result "1-0"]
[WhiteTitle "k"]
[BlackTitle "I+"]
[WhiteElo "2160"]
[BlackElo "1963"]

1. e4 c5 2. Nf3 g6 3. c3 d5 4. exd5 Qxd5 5. d4 Bg7 6. Be2 cxd4 7. cxd4 Nf6 8. Nc3
Qa5 9. O-O O-O 10. Qb3 Nc6 11. d5 Nb4 12. Rd1 Na6 13. Be3 Nd7 14. Rac1 Qb4 15.
Qc2 Nb6 16. a3 Qd6 17. Nb5 Qd8 18. Qb3 Bd7 19. Nxa7 Ba4 20. Qxb6 Bxd1 21. Rxd1
Qxb6 22. Bxb6 Bxb2 23. Bxa6 bxa6 24. a4 Ba3 25. a5 Rfb8 26. Ne5 Rb7 27. Nc4 Bb4
28. Nc6 Bc3 29. Bd8 Kf8 30. Nb6 1-0

[Event "Mistrzostwa Polski Juniorow do lat 16 - Chlopcy"]
[Site "Ustron – Jaszowiec"]
[Date "1899-12-30"]
[Round "7.10"]
[White "Pytel, Maciej"]
[Black "Sernecki, Franciszek"]
[Result "1-0"]
[WhiteTitle "I"]
[BlackTitle "I"]
[WhiteElo "1905"]
[BlackElo "2151"]

1. e4 e6 2. d4 d5 3. Nc3 Nf6 4. e5 Nfd7 5. Nf3 c5 6. dxc5 Nc6 7. Bf4 Nxc5 8. Bd3
Be7 9. O-O a6 10. a3 b5 11. Ne2 O-O 12. Ned4 Bd7 13. Nxc6 Bxc6 14. Nd4 Rc8 15.
c3 Nxd3 16. Qxd3 Qc7 17. Qg3 Kh8 18. Be3 Bd7 19. f4 a5 20. Kh1 b4 21. axb4 axb4
22. f5 exf5 23. Ra7 Qd8 24. cxb4 Rc7 25. Raa1 Bxb4 26. Nxf5 Bxf5 27. Rxf5 Bc5
28. Raf1 Bxe3 29. Qxe3 Re7 30. Qd4 Qd7 31. h3 Rfe8 32. Rg5 Qe6 33. Rgf5 Qd7 34.
e6 Qxe6 35. Qxd5 Qxd5 36. Rxd5 Kg8 37. b4 g6 38. b5 Re1 39. Kg1 R8e2 40. Rxe1
Rxe1+ 41. Kf2 Rb1 42. Ke3 Rb2 43. g4 Rb3+ 44. Kd4 Rxh3 45. b6 Rb3 46. Kc5 h5 47.
gxh5 Kg7 48. Kc6 gxh5 49. b7 Rxb7 50. Kxb7 Kg6 51. Kc6 f5 52. Kc5 Kg5 53. Kd4
Kf4 54. Kd3 h4 55. Ke2 Kg3 56. Rxf5 h3 57. Rg5+ Kh2 58. Kf2 Kh1 59. Kg3 1-0

[Event "Mistrzostwa Polski Juniorow do lat 16 - Chlopcy"]
[Site "Ustron – Jaszowiec"]
[Date "1899-12-30"]
[Round "7.11"]
[White "Polczyk, Mikolaj"]
[Black "Garbowski, Jakub"]
[Result "0-1"]
[WhiteTitle "I"]
[BlackTitle "k"]
[WhiteElo "1889"]
[BlackElo "2103"]

1. d4 Nf6 2. c4 g6 3. f3 d5 4. cxd5 Nxd5 5. e4 Nb6 6. Nc3 Bg7 7. Be3 O-O 8. Qd2
e5 9. d5 c6 10. h4 cxd5 11. exd5 N8d7 12. h5 Nf6 13. hxg6 fxg6 14. O-O-O Bd7 15.
Kb1 Re8 16. g4 Rc8 17. Bg5 e4 18. fxe4 Bxg4 19. Be2 Bxe2 20. Ngxe2 Nc4 21. Qf4
Qb6 22. Na4 Qa6 23. Bxf6 Bxf6 24. Qh6 Re7 25. Nec3 Nxb2 26. Nxb2 Rxc3 27. d6 Rd7
28. Qd2 Qb5 29. Qf2 Qe5 30. Rhf1 Rf3 31. Qc2 Rxf1 32. Rxf1 Qxb2+ 33. Qxb2 Bxb2
34. Kxb2 Rxd6 0-1

[Event "Mistrzostwa Polski Juniorow do lat 16 - Chlopcy"]
[Site "Ustron – Jaszowiec"]
[Date "1899-12-30"]
[Round "7.12"]
[White "Godzwon, Iwo"]
[Black "Ochowicz, Jakub"]
[Result "1/2-1/2"]
[WhiteTitle "k"]
[BlackTitle "I++"]
[WhiteElo "2022"]
[BlackElo "1874"]

1. e4 Nf6 2. e5 Nd5 3. d4 d6 4. Nf3 g6 5. Bc4 c6 6. O-O Bg7 7. h3 O-O 8. Qe2 Nc7
9. Nc3 d5 10. Bd3 Ne6 11. Rd1 a5 12. Nb1 Qc7 13. c4 c5 14. cxd5 Nxd4 15. Nxd4
cxd4 16. Bf4 Na6 17. Bc4 Nb4 18. Na3 d3 19. Qf3 Bxe5 20. Bxe5 Qxe5 21. Bxd3 Nxd3
22. Qxd3 Qxb2 23. Nc4 Qf6 24. Qd2 Rd8 25. Rab1 Ra6 26. Rb5 a4 27. Qb4 Bd7 28.
Rxb7 Qg5 29. Kh1 Qh5 30. Ne3 Rd6 31. Rc1 Qe2 32. Rc2 Qh5 33. Rbc7 Qe5 34. Rc1
Qf6 35. Qd2 Qg5 36. Qb2 Qf4 37. R1c4 Qg5 38. Re4 h6 39. a3 e6 40. h4 Qe7 41. Kg1
Qf8 42. Ng4 exd5 43. Rb4 Bxg4 44. Rxg4 Re6 45. Rc1 Re4 46. Rxe4 dxe4 47. Qf6 Rd6
48. Qf4 Re6 1/2-1/2

[Event "Mistrzostwa Polski Juniorow do lat 16 - Chlopcy"]
[Site "Ustron – Jaszowiec"]
[Date "1899-12-30"]
[Round "7.13"]
[White "Kawalko, Adam"]
[Black "Brozyna, Mateusz"]
[Result "0-1"]
[WhiteTitle "I"]
[BlackTitle "I"]
[WhiteElo "1814"]
[BlackElo "2009"]

1. e4 c5 2. Nf3 Nc6 3. d4 cxd4 4. Nxd4 e5 5. Nb5 d6 6. N1c3 a6 7. Na3 b5 8. Nd5
Nge7 9. Bg5 h6 10. Bxe7 Bxe7 11. c3 O-O 12. g3 Be6 13. Nc2 Rb8 14. h4 Qd7 15.
Nce3 Kh8 16. Bg2 Bd8 17. Qd2 Ba5 18. b4 Bb6 19. Rd1 Ne7 20. Nxe7 Bxe3 21. Qxd6
Qxd6 22. Rxd6 Bb6 23. Nd5 Bxd5 24. exd5 f5 25. O-O e4 26. Rd1 f4 27. Rxb6 Rxb6
28. Bxe4 Rd6 29. g4 g6 30. f3 Rc8 31. Rd3 Kg7 32. Kf2 Kf6 33. Ke2 Ke5 34. Kd2
Rc4 35. h5 gxh5 36. gxh5 Rc7 37. Kc2 Rg7 38. Rd2 Rg5 39. Rh2 Rd7 40. Rh4 Rdg7
41. Kb3 Rg1 42. c4 bxc4+ 43. Kxc4 R1g2 44. a4 Rc7+ 45. Kb3 Kd4 46. b5 a5 47. Bc2
Rc3+ 48. Kb2 Rcxc2+ 49. Kb1 Kc3 0-1

[Event "Mistrzostwa Polski Juniorow do lat 16 - Chlopcy"]
[Site "Ustron – Jaszowiec"]
[Date "1899-12-30"]
[Round "7.14"]
[White "Paliwoda, Borys"]
[Black "Wierzbicki, Michal"]
[Result "1/2-1/2"]
[WhiteTitle "II+"]
[BlackTitle "I"]
[WhiteElo "1819"]
[BlackElo "1828"]

1. d4 e6 2. c4 d5 3. Nc3 Nf6 4. cxd5 exd5 5. Bg5 Be7 6. e3 c6 7. Qc2 Nbd7 8. Bd3
O-O 9. Nf3 Re8 10. O-O Nf8 11. Rab1 Ng6 12. b4 Ne4 13. Bxe7 Qxe7 14. b5 Bg4 15.
Nd2 Nxc3 16. Qxc3 Rac8 17. bxc6 bxc6 18. Rfc1 Nh4 19. Qc5 Qg5 20. Ne4 Rxe4 21.
Bxe4 Nf3+ 22. Bxf3 Bxf3 23. g3 Qg4 24. Qxc6 Rf8 25. Qb5 Be4 26. Ra1 Qf3 27. Kf1
Qg2+ 28. Ke1 Qxh2 29. Qe2 Qh3 30. Kd2 Rb8 31. Ke1 Qh1+ 32. Qf1 Qh5 33. Rc3 h6
34. Rac1 Kh7 35. Rb3 Rd8 36. Kd2 Qf5 37. Rcc3 Rd6 38. Ke1 Rf6 39. Rc7 a6 40. Rcc3
Qf3 41. Qe2 Qh1+ 42. Qf1 Qh2 43. a4 Bg2 44. Qd3+ g6 45. f4 Qxg3+ 46. Kd2 h5 47.
Rc8 Bf3 48. Rbb8 Qf2+ 49. Kc3 Re6 50. Rh8+ Kg7 51. Rhg8+ Kf6 52. Qxg6+ fxg6 53.
Rgf8+ Ke7 54. Rfe8+ 1/2-1/2

[Event "Mistrzostwa Polski Juniorow do lat 16 - Chlopcy"]
[Site "Ustron – Jaszowiec"]
[Date "1899-12-30"]
[Round "7.15"]
[White "Laszczak, Przemyslaw"]
[Black "Tustanowski, Mateusz"]
[Result "0-1"]
[WhiteTitle "I+"]
[BlackTitle "I++"]
[WhiteElo "1944"]
[BlackElo "1880"]

1. d4 Nf6 2. c4 e6 3. Nc3 d5 4. Bg5 Be7 5. cxd5 Nxd5 6. Bxe7 Qxe7 7. Rc1 O-O 8.
e3 Rd8 9. Nf3 b6 10. Nxd5 Rxd5 11. Bd3 f5 12. Qc2 c5 13. Bc4 Rd8 14. O-O Kh8 15.
dxc5 Qxc5 16. Rfd1 Nc6 17. Rxd8+ Nxd8 18. Qd1 Qe7 19. Ne5 Bb7 20. Qh5 Kg8 21.
Qxf5 Rc8 22. Rd1 g6 23. Qf4 Nc6 24. Rd7 Rd8 25. Nxc6 Qxd7 26. Bxe6+ Qxe6 27. Nxd8
Qd5 28. Qg4 Qxd8 29. Qe6+ Kf8 30. h3 Bd5 31. Qe5 Bxa2 32. Qh8+ Bg8 33. Qc3 Qe7
34. b4 Ke8 35. Qd4 Be6 36. b5 Bc8 37. Qf4 Kd8 38. Qd4+ Kc7 39. Qa4 Kb7 40. Qd4
Qc5 41. Qe4+ Kb8 42. Qe8 Qd5 43. g3 Qd7 44. Qe5+ Qc7 45. Qe8 a6 46. bxa6 Ka7 47.
e4 Bxh3 48. e5 Qd7 49. Qf8 Bf5 50. Kh2 Bd3 51. Qg8 Qf5 52. f4 Qh5+ 53. Kg2 Be4+
54. Kf2 Qf3+ 55. Ke1 Qxg3+ 56. Kd1 Qd3+ 57. Ke1 Qc3+ 58. Kf2 Qd2+ 59. Kg3 Qe3+
60. Kg4 Qf3+ 0-1

[Event "Mistrzostwa Polski Juniorow do lat 16 - Chlopcy"]
[Site "Ustron – Jaszowiec"]
[Date "1899-12-30"]
[Round "7.16"]
[White "Jarzebowski, Kacper"]
[Black "Filewicz, Radoslaw"]
[Result "1/2-1/2"]
[WhiteTitle "I++"]
[BlackTitle "I"]
[WhiteElo "1820"]
[BlackElo "1850"]

1. d4 Nf6 2. Nf3 e6 3. c4 c5 4. d5 exd5 5. cxd5 d6 6. Nc3 a6 7. a4 g6 8. e4 Bg4
9. Be2 Bxf3 10. Bxf3 Bg7 11. O-O O-O 12. Be2 Re8 13. Qc2 Nbd7 14. f4 Qc7 15. Bc4
Nb6 16. Be2 Nbd7 17. g4 Rec8 18. g5 Ne8 19. Bg4 Bd4+ 20. Kg2 c4 21. h4 Rab8 22.
Rh1 b5 23. axb5 axb5 24. h5 b4 25. Ne2 Bb6 26. hxg6 hxg6 27. Qd1 c3 28. Qe1 Rb7
29. Qh4 Kf8 30. f5 Qc4 31. Bf3 Ke7 32. fxg6 fxg6 33. bxc3 bxc3 34. Nf4 Nf8 35.
Nxg6+ Nxg6 36. Qh7+ Kd8 37. Qxg6 Qd4 38. Rf1 Rg7 39. Qe6 Re7 40. Qg4 c2 41. Bf4
Qb2 42. Kg3 Bf2+ 43. Kg2 1/2-1/2

[Event "Mistrzostwa Polski Juniorow do lat 16 - Chlopcy"]
[Site "Ustron – Jaszowiec"]
[Date "1899-12-30"]
[Round "7.17"]
[White "Radecki, Adam"]
[Black "Marczak, Szymon"]
[Result "0-1"]
[WhiteTitle "I"]
[BlackTitle "I"]
[WhiteElo "1712"]
[BlackElo "1839"]

1. d4 d5 2. Nc3 Bf5 3. Bg5 Nf6 4. f3 Bg6 5. Nh3 e6 6. Nf4 Bb4 7. Qd2 c6 8. h4 h6
9. Nxg6 fxg6 10. Bf4 Nh5 11. e3 O-O 12. Bd3 Nxf4 13. exf4 Qf6 14. a3 Ba5 15. Qe3
c5 16. Qf2 cxd4 17. b4 Bc7 18. Ne2 Nc6 19. O-O e5 20. fxe5 Nxe5 21. Rad1 Qd6 22.
Qg3 Qe7 23. f4 Nxd3 24. Qxd3 Qxh4 25. Qf3 Rae8 26. g3 Qh3 27. Rd3 g5 28. f5 Re5
29. Nxd4 Bb6 30. g4 Qh4 31. Kg2 Re4 32. Ne2 Qxg4+ 33. Qxg4 Rxg4+ 34. Ng3 Bc7 35.
Rf2 Rc8 36. Rfd2 Bf4 37. Re2 Kf7 38. Kf2 Bxg3+ 39. Rxg3 Rxg3 40. Kxg3 Rc3+ 41.
Kg4 Rxa3 42. Re5 Ra4 43. Rxd5 Rxb4+ 0-1

[Event "Mistrzostwa Polski Juniorow do lat 16 - Chlopcy"]
[Site "Ustron – Jaszowiec"]
[Date "1899-12-30"]
[Round "7.18"]
[White "Posluszny, Tomasz"]
[Black "Namyslak, Piotr"]
[Result "1/2-1/2"]
[WhiteTitle "I"]
[BlackTitle "I"]
[WhiteElo "1798"]
[BlackElo "1866"]

1. d4 Nf6 2. c4 g6 3. Nc3 Bg7 4. e4 d6 5. Nge2 O-O 6. Ng3 Nc6 7. d5 Ne5 8. f4 Neg4
9. h3 Nh6 10. Be3 Ne8 11. f5 Kh8 12. Qd2 Ng8 13. Bd3 Be5 14. Bf4 e6 15. O-O Bxf4
16. Qxf4 e5 17. Qe3 g5 18. b4 f6 19. Rfc1 a6 20. a4 a5 21. Rcb1 axb4 22. Rxb4
b6 23. Nge2 Bd7 24. Rb2 Ng7 25. g4 Qe7 26. Rba2 Ra5 27. Nc1 Rfa8 28. Nb3 R5a7
29. Bc2 Qd8 30. Kg2 Ne7 31. h4 h6 32. hxg5 hxg5 33. Qh3+ Kg8 34. Rh1 Kf7 35. Nd2
Rb8 36. Nb5 Bxb5 37. cxb5 Raa8 38. Ra3 Qd7 39. Nc4 Rh8 40. Qxh8 Rxh8 41. Rxh8
Ng8 42. Rh1 Ne7 43. Bd3 Qe8 44. Nd2 Qa8 45. Nb3 Qa7 46. Rc1 Qb8 47. Rc3 Qa7 48.
Nc1 Ne8 49. Na2 Qa5 50. Bc2 Ng8 51. Kf2 Nh6 52. Bd1 Kg7 53. Rc2 Nf7 54. Rb2 Nd8
55. Nb4 Kg8 56. Nc6 Nxc6 57. dxc6 Kg7 58. Rd3 Kf8 59. Kf1 d5 60. Rxd5 Qc3 61.
Rc2 Qh3+ 62. Rg2 Qe3 63. Bc2 1/2-1/2

[Event "Mistrzostwa Polski Juniorow do lat 16 - Chlopcy"]
[Site "Ustron – Jaszowiec"]
[Date "1899-12-30"]
[Round "7.19"]
[White "Sloniewski, Michal"]
[Black "Kukorowski, Jan"]
[Result "1-0"]
[WhiteTitle "I"]
[BlackTitle "I"]
[WhiteElo "1679"]
[BlackElo "1709"]

1. d4 Nf6 2. c4 c5 3. d5 e5 4. Nc3 d6 5. e4 Nbd7 6. Nf3 Be7 7. Be2 O-O 8. O-O Ne8
9. Ne1 Bg5 10. Nd3 g6 11. f4 exf4 12. Bxf4 Bxf4 13. Rxf4 Qe7 14. Rf1 Ng7 15. Qd2
Re8 16. Rae1 Ne5 17. Nxe5 Qxe5 18. Qf4 f5 19. exf5 Qxf4 20. Rxf4 Bxf5 21. Ref1
Re7 22. g4 Bd7 23. Ne4 Ne8 24. Bd3 Rd8 25. Rf8+ Kg7 26. Nxd6 Bxg4 27. R8f7+ Rxf7
28. Nxf7 Rb8 29. Ne5 Nf6 30. Rxf6 Kxf6 31. Nxg4+ Kg5 32. Nf2 Kf4 33. Ne4 b6 34.
Kf2 Rf8 35. h3 g5 36. Ng3 h6 37. Nh5+ Ke5+ 38. Ke3 Rf7 39. Ng3 Rf8 40. b3 Re8
41. Ne4 a5 42. a4 Kf5 43. Kf3 Ke5 44. Ke3 Kf5 45. d6 Ke5 46. Be2 Rf8 47. Bg4 Rh8
48. d7 Rd8 49. Ng3 Rh8 50. Nh5 Rd8 51. Ng7 Kf6 52. Ne8+ Ke5 53. Ng7 Kf6 54. Nh5+
Ke5 55. h4 Rf8 56. hxg5 hxg5 57. Ng7 Rd8 58. Ne8 Rb8 59. Nc7 Rd8 60. Nb5 Rf8 61.
Na7 Kd6 62. Nc8+ Kc7 63. Ne7 Kd6 64. Nd5 Kc6 65. Ke4 Kd6 66. Bf5 Rh8 67. Kf3 Ke5
68. Kg4 Rf8 69. Bg6 Rd8 1-0

[Event "Mistrzostwa Polski Juniorow do lat 16 - Chlopcy"]
[Site "Ustron – Jaszowiec"]
[Date "1899-12-30"]
[Round "7.20"]
[White "Mietkiewicz, Jacek"]
[Black "Dytman, Radoslaw"]
[Result "0-1"]
[WhiteTitle "I"]
[BlackTitle "I"]
[WhiteElo "1845"]
[BlackElo "1521"]

1. d4 Nf6 2. c4 g6 3. Nc3 Bg7 4. e4 d6 5. Be2 O-O 6. Bg5 c5 7. d5 e6 8. Nf3 exd5
9. exd5 Bg4 10. O-O a6 11. a4 Nbd7 12. Nd2 Bxe2 13. Nxe2 Re8 14. Ng3 h6 15. Bf4
Ne5 16. Qb3 Qc7 17. h3 Nfd7 18. Rae1 f5 19. Be3 Re7 20. Ne2 Rae8 21. Nf4 Nf8 22.
g3 Bh8 23. Kh1 Qd7 24. Rg1 g5 25. Ne6 Nxe6 26. dxe6 Qc6+ 27. Kh2 Rxe6 28. Qc2
Nf3+ 29. Nxf3 Qxf3 30. Rd1 Bd4 31. Rg2 Bxe3 32. fxe3 Rxe3 33. Rdd2 Re1 0-1

[Event "Mistrzostwa Polski Juniorow do lat 16 - Chlopcy"]
[Site "Ustron – Jaszowiec"]
[Date "1899-12-30"]
[Round "8.1"]
[White "Kosakowski, Jakub"]
[Black "Hrymowicz, Artur"]
[Result "1-0"]
[WhiteTitle "k+"]
[BlackTitle "I+"]
[WhiteElo "2376"]
[BlackElo "1982"]

1. e4 c5 2. Nf3 d6 3. d4 cxd4 4. Nxd4 Nf6 5. Nc3 e6 6. g4 a6 7. g5 Nfd7 8. h4 b5
9. Bg2 Bb7 10. a4 bxa4 11. Rxa4 Nb6 12. Ra1 N8d7 13. f4 Qc7 14. f5 e5 15. Nb3
Be7 16. Na5 h6 17. Qh5 Nf8 18. O-O O-O-O 19. f6 Qc5+ 20. Kh2 Ng6 21. fxe7 Nxe7
22. Qxf7 1-0

[Event "Mistrzostwa Polski Juniorow do lat 16 - Chlopcy"]
[Site "Ustron – Jaszowiec"]
[Date "1899-12-30"]
[Round "8.2"]
[White "Chylewski, Patryk"]
[Black "Gumularz, Szymon"]
[Result "0-1"]
[WhiteTitle "k++"]
[BlackTitle "I++"]
[WhiteElo "2293"]
[BlackElo "2394"]

1. e4 g6 2. d4 Bg7 3. Nc3 d6 4. Be3 a6 5. a4 Nf6 6. h3 Nc6 7. Nge2 O-O 8. g4 e5
9. Bg2 Re8 10. O-O Bd7 11. Qd2 exd4 12. Nxd4 Nxd4 13. Bxd4 Bc6 14. Rae1 b5 15.
g5 Nh5 16. Bxg7 Nxg7 17. axb5 axb5 18. f4 Qd7 19. b4 Qe6 20. Qd4 Ra3 21. Ra1 Rea8
22. Rxa3 Rxa3 23. Rf3 Ra1+ 24. Kh2 Re1 25. Qd2 Ra1 26. Qd4 Re1 27. Rd3 Nh5 28.
Qf2 Ra1 29. Qd2 f6 30. gxf6 Nxf6 31. Re3 Nh5 32. Ne2 Qf7 33. Rc3 Bb7 34. Bf3 Nf6
35. Qd4 Re1 36. Qd2 Rb1 37. Re3 Qc4 38. e5 Bxf3 39. exf6 Bc6 40. Nd4 Rh1+ 41.
Kg3 Rg1+ 42. Kh4 Qd5 43. f5 Qf7 44. Re6 Bd5 45. fxg6 hxg6 0-1

[Event "Mistrzostwa Polski Juniorow do lat 16 - Chlopcy"]
[Site "Ustron – Jaszowiec"]
[Date "1899-12-30"]
[Round "8.3"]
[White "Szpar, Milosz"]
[Black "Pacan-milej, Kosma"]
[Result "1/2-1/2"]
[WhiteTitle "k"]
[BlackTitle "FM"]
[WhiteElo "2237"]
[BlackElo "2303"]

1. e4 c5 2. Nf3 d6 3. d4 Nf6 4. Nc3 cxd4 5. Qxd4 Nc6 6. Bb5 Nd7 7. Qd1 a6 8. Bxc6
bxc6 9. O-O e5 10. Ne2 Be7 11. Ng3 Nf6 12. c4 O-O 13. b3 Qc7 14. Ba3 c5 15. Bc1
Bb7 16. Qd3 g6 17. Bg5 Ne8 18. Bh6 Ng7 19. Rfe1 Bc6 20. Ne2 Qb7 21. Nc3 f5 22.
Rad1 Rf7 23. Bxg7 Kxg7 24. Nd5 fxe4 25. Rxe4 Raf8 26. Re2 Bd8 27. Qc2 Qc8 28.
Nd2 Bxd5 29. cxd5 Be7 30. Ne4 Rf4 31. Rd3 Qf5 32. Rde3 Qd7 33. Qd3 Ra8 34. g3
Rf7 35. Kg2 Qb7 36. Nc3 Raf8 37. Ne4 Qa8 38. Qc4 Qb7 39. Qd3 Qa8 40. Qc4 Qb7 1/2-1/2

[Event "Mistrzostwa Polski Juniorow do lat 16 - Chlopcy"]
[Site "Ustron – Jaszowiec"]
[Date "1899-12-30"]
[Round "8.4"]
[White "Woloch, Oskar"]
[Black "Pultorak, Jan"]
[Result "1/2-1/2"]
[WhiteTitle "k"]
[BlackTitle "FM"]
[WhiteElo "2235"]
[BlackElo "2302"]

1. d4 Nf6 2. c4 g6 3. Nc3 d5 4. Bg5 Bg7 5. Nf3 Ne4 6. Bh4 Nxc3 7. bxc3 c5 8. e3
O-O 9. cxd5 cxd4 10. cxd4 Bg4 11. Be2 Re8 12. e4 Qa5+ 13. Kf1 Na6 14. Bg5 Bxf3
15. gxf3 e6 16. Bd2 Qb6 17. Rb1 Qxd4 18. Rxb7 exd5 19. Bxa6 Bh6 20. Ke2 dxe4 21.
Bxh6 Qf6 22. Rb3 Qxa6+ 23. Ke1 exf3+ 24. Re3 Qa5+ 25. Qd2 Qh5 26. Rxe8+ Rxe8+
27. Kd1 Qe5 28. Re1 Qa1+ 29. Qc1 Rd8+ 30. Bd2 Qxa2 31. Re3 Rb8 32. Qc3 Qa6 33.
Rd3 Qa4+ 34. Qc2 Qg4 35. Be3 Qg1+ 36. Kd2 Qxh2 37. Bxa7 Qf4+ 38. Be3 Qb4+ 39.
Kd1 h5 40. Bd4 Re8 41. Bc3 Qe4 42. Qd2 h4 43. Kc1 Qa8 44. Rd4 Qa3+ 45. Kb1 Qe7
46. Qh6 Rb8+ 47. Kc2 Qe2+ 48. Kc1 Qf1+ 49. Rd1 Rb1+ 50. Kxb1 Qxd1+ 51. Kb2 Qe2+
52. Ka3 Qa6+ 53. Kb4 Qb6+ 54. Kc4 Qc6+ 55. Kd3 Qd5+ 56. Bd4 Qb5+ 57. Ke4 Qc6+
58. Kf4 Qc1+ 59. Be3 Qh1 60. Kg4 Qg2+ 61. Kf4 Qh1 62. Qg5 Qh2+ 63. Kxf3 h3 64.
Qd8+ Kh7 65. Qh4+ Kg8 66. Bd4 Qg2+ 67. Ke3 f5 68. Qh8+ Kf7 69. Qf6+ Ke8 70. Qe6+
Kf8 71. Bc5+ Kg7 72. Qe7+ Kh6 73. Qh4+ Kg7 74. Bd4+ Kf7 75. Qf6+ Ke8 76. Qe6+
Kf8 77. Qc8+ Kf7 78. Qd7+ Kf8 79. Bc5+ Kg8 80. Qe8+ Kh7 81. Qf7+ Kh6 82. Kd2 h2
83. Be3+ g5 84. Bc5 Qxf2+ 85. Bxf2 h1=Q 86. Qf6+ Kh7 87. Qxf5+ Kh6 88. Qf6+ Kh7
89. Qe7+ Kg6 90. Qe8+ Kh7 91. Qd7+ Kg6 92. Ke3 Qc1+ 93. Kf3 Qf4+ 94. Kg2 Qe4+
95. Kh2 Qf5 1/2-1/2

[Event "Mistrzostwa Polski Juniorow do lat 16 - Chlopcy"]
[Site "Ustron – Jaszowiec"]
[Date "1899-12-30"]
[Round "8.5"]
[White "Kokoszczynski, Jan"]
[Black "Lis, Mateusz"]
[Result "0-1"]
[WhiteTitle "k"]
[BlackTitle "I+"]
[WhiteElo "2072"]
[BlackElo "2022"]

1. e4 c5 2. Nf3 e6 3. d4 cxd4 4. Nxd4 a6 5. Bd3 Nf6 6. Qe2 d6 7. O-O Qc7 8. c4
Nbd7 9. Nc3 b6 10. Be3 Bb7 11. Rac1 g6 12. b4 Bg7 13. f4 O-O 14. h3 Nh5 15. Qf2
e5 16. Nd5 Qd8 17. fxe5 Nxe5 18. Be2 Bxd5 19. exd5 Nf6 20. Bg5 Ne4 21. Bxd8 Nxf2
22. Bxb6 Nfd3 23. Bxd3 Nxd3 24. Nc6 Nxc1 25. Rxc1 Rfe8 26. Rd1 Re4 27. c5 Bf8
28. a3 Rc4 29. Na5 Rc3 30. c6 Bh6 31. Nb7 Bf4 32. a4 Re8 33. c7 Be3+ 34. Bxe3
Rxc7 35. Bf4 Rxb7 36. Bxd6 Re4 37. a5 f5 38. Bc5 Kf7 39. Kf2 Ke8 40. Kf3 h5 41.
Rc1 Kd7 42. Rc2 Rb8 43. Rc1 g5 44. Rc2 Rbe8 45. Rc1 h4 46. g3 g4+ 47. hxg4 fxg4+
48. Kf2 Re2+ 49. Kf1 h3 0-1

[Event "Mistrzostwa Polski Juniorow do lat 16 - Chlopcy"]
[Site "Ustron – Jaszowiec"]
[Date "1899-12-30"]
[Round "8.6"]
[White "Psyk, Radoslaw"]
[Black "Kowalski, Igor"]
[Result "1-0"]
[WhiteTitle "k"]
[BlackTitle "k+"]
[WhiteElo "2160"]
[BlackElo "2231"]

1. e4 e5 2. Nf3 Nc6 3. Bb5 a6 4. Ba4 Nf6 5. O-O Be7 6. Re1 b5 7. Bb3 O-O 8. a4
Bb7 9. d3 d6 10. Nbd2 Na5 11. Ba2 c5 12. Nf1 Bc8 13. c3 Be6 14. Bg5 Nd7 15. Bxe7
Qxe7 16. Ne3 Nb6 17. b4 cxb4 18. cxb4 Nc6 19. a5 Na4 20. Nd5 Bxd5 21. Bxd5 Rac8
22. Qd2 Nd4 23. Rac1 Qd7 24. Kf1 h6 25. Rxc8 Rxc8 26. Rc1 Rc7 27. Nxd4 exd4 28.
Rxc7 Qxc7 29. g3 Nc3 30. Bb3 Qe7 31. Qf4 Nb1 32. Kg2 Qc7 33. Qf5 Nc3 34. Qh5 Kf8
35. h4 Qd7 36. Qf3 Ke8 37. g4 f6 38. Kf1 Kd8 39. Qf4 Kc7 40. Kg2 1-0